[Event "Verbandsliga Suedbaden 2223"]
[Site "Germany"]
[Date "2022.12.04"]
[Round "4.4"]
[White "Kiefer, Gerhard"]
[Black "Zunker, Michael"]
[Result "1-0"]
[WhiteElo "2218"]
[BlackElo "1943"]
[PlyCount "55"]
[EventDate "2022.09.25"]
[EventType "team-tourn"]
[EventRounds "9"]
[EventCountry "GER"]
[SourceTitle "EXT 2024"]
[Source "ChessBase"]
[SourceDate "2023.10.10"]
[SourceVersion "1"]
[SourceVersionDate "2023.10.10"]
[SourceQuality "1"]
[WhiteTeam "Emmendingen"]
[BlackTeam "Hoerden"]
[WhiteTeamCountry "GER"]
[BlackTeamCountry "GER"]

1. e4 c5 2. Nf3 d6 3. d4 cxd4 4. Nxd4 Nf6 5. Nc3 Nc6 6. Bc4 e6 7. Be3 Be7 8. Qe2 a6 9. 0-0-0 Qc7 10. Bb3 0-0 11. Rhg1 b5 12. g4 Nxd4 13. Bxd4 e5 14. Be3 Be6 15. g5 Nd7 16. Nd5 Qd8 17. f4 exf4 18. Bxf4 Re8 19. Kb1 Bf8 20. h4 Rc8 21. h5 Bf5 22. Rd4 Kh8 23. Qg2 Be6 24. g6 Ne5 25. Bg5 Qa5 26. gxh7 Kxh7 27. Nf6+ gxf6 28. Bd2 1-0

[Event "Wch Seniors 65 30th"]
[Site "Assisi"]
[Date "2022.11.15"]
[Round "1"]
[White "Gallitto, Salvatore"]
[Black "Kiefer, Gerhard"]
[Result "0-1"]
[WhiteElo "1899"]
[BlackElo "2260"]
[PlyCount "40"]
[EventDate "2022.11.15"]
[EventType "swiss"]
[EventRounds "11"]
[EventCountry "ITA"]
[SourceTitle "CBM 211 Extra"]
[Source "ChessBase"]
[SourceDate "2023.01.31"]
[SourceVersion "1"]
[SourceVersionDate "2023.01.31"]
[SourceQuality "1"]

1. d4 Nf6 2. Nf3 g6 3. Bf4 Bg7 4. Nbd2 0-0 5. e4 d6 6. Be2 Nbd7 7. h3 Nh5 8. Bh2 e5 9. dxe5 dxe5 10. c3 Nf4 11. Bf1 Nc5 12. Bxf4 exf4 13. Qc2 a5 14. Nb3 Nxe4 15. Bd3 a4 16. Nbd2 Nc5 17. Be2 Bf5 18. Qd1 Nd3+ 19. Bxd3 Qxd3 20. Ng1 a3 0-1

[Event "WchT Seniors 65"]
[Site "Acqui Terme"]
[Date "2022.06.29"]
[Round "9.2"]
[White "Kiefer, Gerhard"]
[Black "Sonderstrup, Bjarne"]
[Result "1-0"]
[WhiteElo "2212"]
[BlackElo "2049"]
[PlyCount "57"]
[EventDate "2022.06.20"]
[EventType "team-tourn"]
[EventRounds "9"]
[EventCountry "ITA"]
[SourceTitle "CBM 209 Extra"]
[Source "ChessBase"]
[SourceDate "2022.09.30"]
[SourceVersion "1"]
[SourceVersionDate "2022.09.30"]
[SourceQuality "1"]
[WhiteTeam "Germany 65"]
[BlackTeam "Skakklubben 2012 65"]
[WhiteTeamCountry "GER"]
[BlackTeamCountry "DEN"]

1. e4 c5 2. Nf3 Nc6 3. d4 cxd4 4. Nxd4 Nf6 5. Nc3 e5 6. Ndb5 d6 7. Bg5 a6 8. Na3 Be6 9. Nc4 Rc8 10. Bxf6 gxf6 11. Bd3 Ne7 12. Ne3 Bh6 13. Ng4 Bg7 14. Qf3 Nc6 15. 0-0 Nd4 16. Qg3 Kf8 17. Ne3 h5 18. Qh4 Kg8 19. Ncd5 Bxd5 20. Nxd5 Ne6 21. g3 Rh6 22. f4 exf4 23. gxf4 Rg6+ 24. Kh1 Rg4 25. Qxh5 f5 26. Qxf5 Qh4 27. Rg1 Rxf4 28. Nxf4 Qxf4 29. Raf1 1-0

[Event "EUR-chT Seniors 65"]
[Site "Mali Losinj"]
[Date "2019.09.19"]
[Round "2.4"]
[White "Kiefer, Gerhard"]
[Black "Thoele, Wolfgang"]
[Result "1-0"]
[WhiteElo "2227"]
[BlackElo "1865"]
[PlyCount "53"]
[EventDate "2019.09.18"]
[EventType "team-swiss"]
[EventRounds "9"]
[EventCountry "CRO"]
[SourceTitle "EXT 2020"]
[Source "ChessBase"]
[SourceDate "2019.10.17"]
[SourceVersion "1"]
[SourceVersionDate "2019.10.17"]
[SourceQuality "1"]
[WhiteTeam "Germany 65"]
[BlackTeam "Bielefeld Rochade 65"]
[WhiteTeamCountry "GER"]
[BlackTeamCountry "GER"]

1. e4 d5 2. exd5 Qxd5 3. Nc3 Qd8 4. d4 Nf6 5. Nf3 Bg4 6. h3 Bh5 7. g4 Bg6 8. Ne5 e6 9. Bg2 c6 10. h4 h6 11. Nxg6 fxg6 12. Qd3 Kf7 13. g5 Ng8 14. Qf3+ Ke8 15. Qe4 Kf7 16. Qf3+ Ke8 17. Bd2 Ne7 18. 0-0-0 h5 19. Rhe1 Qd7 20. Bh3 Nf5 21. Bxf5 gxf5 22. Qxf5 Kd8 23. Rxe6 Bb4 24. d5 Rf8 25. Qe4 c5 26. Qe5 Na6 27. Rd6 1-0

[Event "Wch Seniors 65 28th"]
[Site "Bled"]
[Date "2018.11.27"]
[Round "9"]
[White "Kierzek, Matthias"]
[Black "Kiefer, Gerhard"]
[Result "0-1"]
[WhiteElo "2182"]
[BlackElo "2306"]
[PlyCount "80"]
[EventDate "2018.11.18"]
[EventType "swiss"]
[EventRounds "11"]
[EventCountry "SLO"]
[SourceTitle "CBM 187 Extra"]
[Source "ChessBase"]
[SourceDate "2018.11.04"]
[SourceVersion "1"]
[SourceVersionDate "2018.11.04"]
[SourceQuality "1"]

1. d4 Nf6 2. c4 g6 3. Nc3 Bg7 4. e4 d6 5. Be2 0-0 6. Bg5 c5 7. d5 e6 8. Nf3 exd5 9. cxd5 a6 10. a4 h6 11. Bh4 g5 12. Bg3 Nh5 13. Nd2 Nxg3 14. hxg3 Nd7 15. Nc4 Qf6 16. 0-0 Ne5 17. Ne3 Re8 18. Qc2 Bd7 19. Nf5 Bxf5 20. exf5 g4 21. Rfc1 Rad8 22. a5 h5 23. Ra3 Bh6 24. Rd1 h4 25. gxh4 Qxh4 26. Ne4 Kg7 27. f6+ Kh8 28. Rb3 Rg8 29. Ng3 Bf4 30. Qf5 Bxg3 31. fxg3 Qh6 32. Qf4 Qh5 33. Rxb7 Rg5 34. Bd3 Nxd3 35. Rxd3 Rf5 36. Qe3 Re5 37. Qf4 Re1+ 38. Kf2 Qh1 39. Qh6+ Qxh6 40. Kxe1 Qxf6 0-1